| Tag |
First Indicator |
Second Indicator |
Subfields |
| LEADER |
00000cam a2200000 4500 |
| 001 |
in00000064637 |
| 005 |
20151007083353.0 |
| 008 |
770623s1954 nyu b 00000 eng |
| 010 |
|
|
|a 53008350
|
| 035 |
|
|
|a (OCoLC)03065268
|
| 035 |
|
|
|9 AAF9264AM
|
| 040 |
|
|
|a DLC
|c OCP
|d TXA
|d UtOrBLW
|
| 049 |
|
|
|a TXAM
|c [250160]
|
| 050 |
|
0 |
|a DK758
|b .K6
|
| 082 |
0 |
|
|a 323.157
|
| 092 |
|
|
|a 323.157
|b K81p2
|
| 100 |
1 |
|
|a Kolarz, Walter.
|
| 245 |
1 |
4 |
|a The peoples of the Soviet Far East.
|
| 264 |
|
1 |
|a New York :
|b Praeger,
|c [1954]
|
| 300 |
|
|
|a xii, 193 pages :
|b illustrations, maps. ;
|c 23 cm.
|
| 336 |
|
|
|a text
|b txt
|2 rdacontent
|
| 337 |
|
|
|a unmediated
|b n
|2 rdamedia
|
| 338 |
|
|
|a volume
|b nc
|2 rdacarrier
|
| 490 |
0 |
|
|a Books that matter
|
| 500 |
|
|
|a 2d edition.
|
| 504 |
|
|
|a Includes bibliographical references.
|
| 650 |
|
0 |
|a Ethnology
|z Russia (Federation)
|z Russian Far East.
|
| 999 |
|
|
|a MARS
|
| 999 |
f |
f |
|s c875b569-f09e-3f97-8fb9-1eddbc44e07c
|i ff2f4897-b21a-3daa-b45a-d0271eadbc00
|t 0
|
| 952 |
f |
f |
|p ric
|a Texas A&M University
|b Rellis Campus
|c Joint Library Facility
|d Remote Storage
|t 0
|e DK758 .K6
|h Library of Congress classification
|i unmediated -- volume
|m A14800664021
|
| 998 |
f |
f |
|a DK758 .K6
|t 0
|l Remote Storage
|